VIOLACION SEXUAL DE NIÑOS NIÑAS Y ADOLESCENTES EN EL DISTRITO JUDICIAL DE LA PROVINCIA DE PEDERNALES PERIODO 2012 2013 (Record no. 1029)

MARC details
000 -LEADER
campo de control de longitud fija 00681nam a22001817a 4500
001 - NÚMERO DE CONTROL
campo de control 5099
005 - FECHA Y HORA DE LA ÚLTIMA TRANSACCIÓN
campo de control 20250522045549.0
008 - DATOS DE LONGITUD FIJA--INFORMACIÓN GENERAL
campo de control de longitud fija 5230202013 dr
090 ## - LOCALMENTE ASIGNADO TIPO-LC NÚMERO DE CLASIFICACIÓN (OCLC); NÚMERO DE CLASIFICACIÓN LOCAL (RLIN)
Número de clasificación (OCLC) (R) ; Numero de clasificación, CALL (RLIN) (NR) DER 2013-013
100 ## - ENTRADA PRINCIPAL--NOMBRE DE PERSONA
Nombre de persona FELIZ POLANCO, SAIRA
245 ## - MENCIÓN DEL TÍTULO
Título VIOLACION SEXUAL DE NIÑOS NIÑAS Y ADOLESCENTES EN EL DISTRITO JUDICIAL DE LA PROVINCIA DE PEDERNALES PERIODO 2012 2013
Mención de responsabilidad, etc. Saira Féliz Polanco
260 ## - PUBLICACIÓN, DISTRIBUCIÓN, ETC.
Lugar de publicación, distribución, etc. Barahona :
Nombre del editor, distribuidor, etc. UNIVERSIDAD CATOLICA TECNOLOGICA DE BARAHONA
300 ## - DESCRIPCIÓN FÍSICA
Extensión vi, 142, [31]h / 28cm
502 ## - NOTA DE TESIS
Nota de tesis Tesis (Licenciatura en Derecho) - UCATEBA - Escuela de Derecho
504 ## - NOTA DE BIBLIOGRAFÍA, ETC.
Nota de bibliografía, etc. Nota Bibliografía : H.140-142
650 ## - PUNTO DE ACCESO ADICIONAL DE MATERIA--TÉRMINO DE MATERIA
Término de materia o nombre geográfico como elemento de entrada 1.VIOLACION SEXUAL
650 ## - PUNTO DE ACCESO ADICIONAL DE MATERIA--TÉRMINO DE MATERIA
Término de materia o nombre geográfico como elemento de entrada 2.VIOLENCIA INFANTIL
Holdings
Estatus retirado Estado de pérdida Estado de daño No para préstamo Colección Biblioteca de origen Biblioteca actual Fecha de adquisición Total de préstamos Signatura topográfica completa Código de barras Visto por última vez Copia número Precio de reemplazo Tipo de ítem Koha
        Acervo general de Libros Biblioteca Central Mons. Favio M. Rivas S. Biblioteca Central Mons. Favio M. Rivas S. 18/10/2013   DER 2013-013 000000001284 23/05/2025 1 23/05/2025 Tesis